01155nab a22002417a 4500999001500000003000400015005001700019008004100036040000700077100002800084245005700112300001500169500003600184505019300220505015200413650002800565650005800593650003000651650002800681650003500709773015600744942001300900 c6070d6070OSt20260121010615.0190514b xxu||||| |||| 00| 0 spa d cPJ 96846aFerrara, Natalia 10aDel tiempo tirano de la justicia /cNatalia Ferrara. ap. 163-172 aCita: TR LALEY AR/DOC/986/2024. aSumario: I. A. G. y W. G.— II. Plataforma fáctica.— III. Situación de adoptabilidad y plazo razonable.— IV. De la adopción y particularidades del caso.— V. A modo de cierre.  tFallo comentado: CFamilia, Mendoza ~ 20/09/2023 ~ Compulsa Expdte. 41258 Eti por los niños A. R. A. G. y A. R. S. W. G. por control de legalidad. 09967aDERECHO DE FAMILIA 092741aDERECHOS DE LAS NIÑAS, NIÑOS Y ADOLESCENTES 093874aPROCESOS DE FAMILIA 091956aPLAZOS PROCESALES 091057aJURISPRUDENCIA APLICABLE0 0284493222dBuenos Aires : AbeledoPerrot, 1989-tDerecho de familia. Revista Interdisciplinaria de doctrina y jurisprudencia. Junio 2024-III.z18511201 2udccANA